<?xml version="1.0" encoding="UTF-8"?>
<record
    xmlns:xsi="http://www.w3.org/2001/XMLSchema-instance"
    xsi:schemaLocation="http://www.loc.gov/MARC21/slim http://www.loc.gov/standards/marcxml/schema/MARC21slim.xsd"
    xmlns="http://www.loc.gov/MARC21/slim">

  <leader>00307nam a2200121Ia 4500</leader>
  <controlfield tag="008">191201s2016    xx            000 0 und d</controlfield>
  <datafield tag="100" ind1=" " ind2=" ">
    <subfield code="a">MAHAPATRA, Rajendra Prasad</subfield>
  </datafield>
  <datafield tag="245" ind1=" " ind2="0">
    <subfield code="a">Database Management Systems</subfield>
  </datafield>
  <datafield tag="250" ind1=" " ind2=" ">
    <subfield code="a">Rep</subfield>
  </datafield>
  <datafield tag="260" ind1=" " ind2=" ">
    <subfield code="c">2016</subfield>
    <subfield code="b">Khanna Publisher</subfield>
    <subfield code="a">NEW DELHI</subfield>
  </datafield>
  <datafield tag="300" ind1=" " ind2=" ">
    <subfield code="a">526</subfield>
  </datafield>
  <datafield tag="942" ind1=" " ind2=" ">
    <subfield code="2">ddc</subfield>
    <subfield code="c">BK</subfield>
  </datafield>
  <datafield tag="999" ind1=" " ind2=" ">
    <subfield code="c">7989</subfield>
    <subfield code="d">7989</subfield>
  </datafield>
  <datafield tag="952" ind1=" " ind2=" ">
    <subfield code="0">0</subfield>
    <subfield code="1">0</subfield>
    <subfield code="2">ddc</subfield>
    <subfield code="4">0</subfield>
    <subfield code="7">0</subfield>
    <subfield code="8">BCA</subfield>
    <subfield code="a">PIET</subfield>
    <subfield code="b">PIET</subfield>
    <subfield code="d">2019-05-18</subfield>
    <subfield code="e">Kirti Prakashan</subfield>
    <subfield code="g">385.00</subfield>
    <subfield code="k">IN3908</subfield>
    <subfield code="l">7</subfield>
    <subfield code="o">005.74 MAD</subfield>
    <subfield code="p">BC1324</subfield>
    <subfield code="r">2025-12-22 00:00:00</subfield>
    <subfield code="s">2025-12-15</subfield>
    <subfield code="v">281.05</subfield>
    <subfield code="w">2019-05-18</subfield>
    <subfield code="y">BK</subfield>
  </datafield>
  <datafield tag="952" ind1=" " ind2=" ">
    <subfield code="0">0</subfield>
    <subfield code="1">0</subfield>
    <subfield code="2">ddc</subfield>
    <subfield code="4">0</subfield>
    <subfield code="7">0</subfield>
    <subfield code="8">BCA</subfield>
    <subfield code="a">PIET</subfield>
    <subfield code="b">PIET</subfield>
    <subfield code="d">2019-05-18</subfield>
    <subfield code="e">Kirti Prakashan</subfield>
    <subfield code="g">385.00</subfield>
    <subfield code="k">IN3908</subfield>
    <subfield code="l">9</subfield>
    <subfield code="o">005.74 MAD</subfield>
    <subfield code="p">BC1325</subfield>
    <subfield code="q">2026-01-01</subfield>
    <subfield code="r">2025-12-18 00:00:00</subfield>
    <subfield code="s">2025-12-18</subfield>
    <subfield code="v">281.05</subfield>
    <subfield code="w">2019-05-18</subfield>
    <subfield code="y">BK</subfield>
  </datafield>
  <datafield tag="952" ind1=" " ind2=" ">
    <subfield code="0">0</subfield>
    <subfield code="1">0</subfield>
    <subfield code="2">ddc</subfield>
    <subfield code="4">0</subfield>
    <subfield code="7">0</subfield>
    <subfield code="8">BCA</subfield>
    <subfield code="a">PIET</subfield>
    <subfield code="b">PIET</subfield>
    <subfield code="d">2019-05-18</subfield>
    <subfield code="e">Kirti Prakashan</subfield>
    <subfield code="g">385.00</subfield>
    <subfield code="k">IN3908</subfield>
    <subfield code="l">12</subfield>
    <subfield code="o">005.74 MAD</subfield>
    <subfield code="p">BC1326</subfield>
    <subfield code="r">2025-12-22 00:00:00</subfield>
    <subfield code="s">2025-12-15</subfield>
    <subfield code="v">281.05</subfield>
    <subfield code="w">2019-05-18</subfield>
    <subfield code="y">BK</subfield>
  </datafield>
  <datafield tag="952" ind1=" " ind2=" ">
    <subfield code="0">0</subfield>
    <subfield code="1">0</subfield>
    <subfield code="2">ddc</subfield>
    <subfield code="4">0</subfield>
    <subfield code="7">0</subfield>
    <subfield code="8">BCA</subfield>
    <subfield code="a">PIET</subfield>
    <subfield code="b">PIET</subfield>
    <subfield code="d">2019-05-18</subfield>
    <subfield code="e">Kirti Prakashan</subfield>
    <subfield code="g">385.00</subfield>
    <subfield code="k">IN3908</subfield>
    <subfield code="l">15</subfield>
    <subfield code="o">005.74 MAD</subfield>
    <subfield code="p">BC1327</subfield>
    <subfield code="r">2026-06-04 09:41:44</subfield>
    <subfield code="s">2026-05-21</subfield>
    <subfield code="v">281.05</subfield>
    <subfield code="w">2019-05-18</subfield>
    <subfield code="y">BK</subfield>
  </datafield>
  <datafield tag="952" ind1=" " ind2=" ">
    <subfield code="0">0</subfield>
    <subfield code="1">0</subfield>
    <subfield code="2">ddc</subfield>
    <subfield code="4">0</subfield>
    <subfield code="7">0</subfield>
    <subfield code="8">BCA</subfield>
    <subfield code="a">PIET</subfield>
    <subfield code="b">PIET</subfield>
    <subfield code="d">2019-05-18</subfield>
    <subfield code="e">Kirti Prakashan</subfield>
    <subfield code="g">385.00</subfield>
    <subfield code="k">IN3908</subfield>
    <subfield code="l">18</subfield>
    <subfield code="o">005.74 MAD</subfield>
    <subfield code="p">BC1328</subfield>
    <subfield code="r">2026-04-01 00:00:00</subfield>
    <subfield code="s">2026-03-30</subfield>
    <subfield code="v">281.05</subfield>
    <subfield code="w">2019-05-18</subfield>
    <subfield code="y">BK</subfield>
  </datafield>
</record>
